Slovaquie ou Slovénie ? - Statistiques

Statistiques générales
  • Ce quiz a été pris 151 fois
    63 depuis la dernière actualisation
  • Le résultat moyen est 9 sur 15
Statistiques - réponses
Question Réponse % Correct
Est la plus étendue Slovaquie
98%
Ne formait qu'un pays avec la Tchéquie jusqu'en 1993 Slovaquie
88%
A une population d'environ 2,1 millions d'habitants Slovénie
86%
Sa deuxième plus grande ville est Maribor Slovénie
82%
A fait pleinement partie de l'Empire Romain Slovénie
76%
Possède une importante minorité de langue hongroise Slovaquie
73%
Est le pays d'origine des cyclistes Primož Roglič et Tadej Pogačar Slovénie
71%
Est de culture slave Les deux
69%
Autorise le mariage homosexuel Slovénie
65%
Partage une frontière avec l'Autriche Les deux
63%
A fait partie du Pacte de Varsovie Slovaquie
61%
A rejoint l'OTAN en 2004 Les deux
55%
Son point culminant est a plus de 2500m d'altitude Les deux
22%
A déjà été dirigé par une femme Les deux
16%
A un drapeau uniquement bleu-blanc-rouge Slovaquie
10%
Aucun quiz correspondant
Distribution des résultats
% des personnes avec chaque résultat
Percentile par nombre de réponses
Votre historique - résultats
Vous n’avez pas pris ce quiz depuis la dernière actualisation